[Event "April 9 Early 2024"]
[Site "Chess.com"]
[Date "2024.04.09"]
[Round "6"]
[White "Guerra Tulcan, Lenin"]
[Black "Averchenko, Sergej"]
[Result "1-0"]
[Board "206"]
[WhiteFideId "3601382"]
[BlackFideId "4131533"]
[WhiteTitle "IM"]
[BlackTitle "FM"]
[WhiteElo "2762"]
[BlackElo "2286"]
[WhiteTeam "ECU"]
[BlackTeam "RUS"]
[WhiteClock "0:00:17"]
[BlackClock "0:00:00"]
[Variant "Standard"]

1. e4 {[%clk 0:03:00]}  c5 {[%clk 0:02:59]} 2. Nf3 {[%clk 0:03:00]}  d6 {[%clk 0:02:59]} 3. b4 {[%clk 0:03:01]}  cxb4 {[%clk 0:02:55]} 4. a3 {[%clk 0:03:01]}  bxa3 {[%clk 0:02:50]} 5. Bxa3 {[%clk 0:03:02]}  Nc6 {[%clk 0:02:49]} 6. Bd3 {[%clk 0:03:02]}  g6 {[%clk 0:02:46]} 7. c3 {[%clk 0:03:02]}  Bg7 {[%clk 0:02:44]} 8. O-O {[%clk 0:03:03]}  Nf6 {[%clk 0:02:43]} 9. Bc2 {[%clk 0:03:03]}  O-O {[%clk 0:02:38]} 10. d4 {[%clk 0:03:03]}  d5 {[%clk 0:02:32]} 11. e5 {[%clk 0:03:03]}  Ne4 {[%clk 0:02:32]} 12. Nfd2 {[%clk 0:02:56]}  Bf5 {[%clk 0:02:20]} 13. Nxe4 {[%clk 0:02:55]}  Bxe4 {[%clk 0:02:17]} 14. Bxe4 {[%clk 0:02:55]}  dxe4 {[%clk 0:02:17]} 15. Nd2 {[%clk 0:02:56]}  Qd5 {[%clk 0:02:11]} 16. Qe2 {[%clk 0:02:55]}  Rfc8 {[%clk 0:01:49]} 17. Nxe4 {[%clk 0:02:50]}  Rc7 {[%clk 0:01:44]} 18. Rfb1 {[%clk 0:02:47]}  Na5 {[%clk 0:01:43]} 19. Bc5 {[%clk 0:02:30]}  Qc4 {[%clk 0:01:35]} 20. Qd1 {[%clk 0:02:13]}  Nc6 {[%clk 0:01:30]} 21. f4 {[%clk 0:01:48]}  b6 {[%clk 0:01:29]} 22. Ba3 {[%clk 0:01:47]}  Rd8 {[%clk 0:01:29]} 23. Qf3 {[%clk 0:01:40]}  Na5 {[%clk 0:01:15]} 24. Bb4 {[%clk 0:01:35]}  Nc6 {[%clk 0:01:04]} 25. h4 {[%clk 0:01:30]}  h5 {[%clk 0:01:01]} 26. Kh2 {[%clk 0:01:27]}  Rcd7 {[%clk 0:00:57]} 27. Ng5 {[%clk 0:01:25]}  Qd5 {[%clk 0:00:52]} 28. Ne4 {[%clk 0:01:19]}  f5 {[%clk 0:00:48]} 29. Ng5 {[%clk 0:01:16]}  Qxf3 {[%clk 0:00:47]} 30. gxf3 {[%clk 0:01:14]}  Nxb4 {[%clk 0:00:45]} 31. Rxb4 {[%clk 0:01:13]}  Rc8 {[%clk 0:00:45]} 32. Rba4 {[%clk 0:01:05]}  a5 {[%clk 0:00:37]} 33. Rb1 {[%clk 0:01:05]}  Rc6 {[%clk 0:00:29]} 34. Kg3 {[%clk 0:01:01]}  e6 {[%clk 0:00:27]} 35. Rd1 {[%clk 0:00:56]}  Bf8 {[%clk 0:00:28]} 36. c4 {[%clk 0:00:56]}  Bb4 {[%clk 0:00:27]} 37. d5 {[%clk 0:00:55]}  Rxc4 {[%clk 0:00:25]} 38. Nxe6 {[%clk 0:00:56]}  Rc2 {[%clk 0:00:20]} 39. Raa1 {[%clk 0:00:52]}  Kf7 {[%clk 0:00:18]} 40. Ng5+ {[%clk 0:00:51]}  Ke7 {[%clk 0:00:18]} 41. d6+ {[%clk 0:00:49]}  Kf8 {[%clk 0:00:16]} 42. Rac1 {[%clk 0:00:49]}  Rc5 {[%clk 0:00:13]} 43. Ne6+ {[%clk 0:00:49]}  Kf7 {[%clk 0:00:12]} 44. Ng5+ {[%clk 0:00:43]}  Kg8 {[%clk 0:00:09]} 45. e6 {[%clk 0:00:36]}  Rxd6 {[%clk 0:00:07]} 46. Rxd6 {[%clk 0:00:34]}  Rxc1 {[%clk 0:00:07]} 47. Rd8+ {[%clk 0:00:34]}  Kg7 {[%clk 0:00:07]} 48. Rd7+ {[%clk 0:00:35]}  Kf8 {[%clk 0:00:06]} 49. Rf7+ {[%clk 0:00:33]}  Ke8 {[%clk 0:00:06]} 50. Rg7 {[%clk 0:00:29]}  Rc2 {[%clk 0:00:06]} 51. Rxg6 {[%clk 0:00:23]}  Be1+ {[%clk 0:00:06]} 52. Kh3 {[%clk 0:00:23]}  a4 {[%clk 0:00:03]} 53. Rg8+ {[%clk 0:00:21]}  Ke7 {[%clk 0:00:03]} 54. Rg7+ {[%clk 0:00:22]}  Ke8 {[%clk 0:00:03]} 55. Nf7 {[%clk 0:00:18]}  a3 {[%clk 0:00:02]} 56. Nd6+ {[%clk 0:00:18]}  Kf8 {[%clk 0:00:00]} 57. Rf7+ {[%clk 0:00:17]} 1-0

[Event "April 9 Early 2024"]
[Site "Chess.com"]
[Date "2024.04.09"]
[Round "6"]
[White "Seletsky, Grigory"]
[Black "Kostiukov, Alexandr"]
[Result "1-0"]
[Board "210"]
[WhiteFideId "14112191"]
[BlackFideId "14108100"]
[WhiteTitle "FM"]
[WhiteElo "2520"]
[BlackElo "2257"]
[WhiteTeam "UKR"]
[BlackTeam "UKR"]
[WhiteClock "0:01:05"]
[BlackClock "0:00:00"]
[Variant "Standard"]

1. d4 {[%clk 0:02:55]}  g6 {[%clk 0:02:55]} 2. c3 {[%clk 0:02:52]}  Bg7 {[%clk 0:02:50]} 3. Bf4 {[%clk 0:02:52]}  d6 {[%clk 0:02:47]} 4. e3 {[%clk 0:02:52]}  Nc6 {[%clk 0:02:47]} 5. h3 {[%clk 0:02:53]}  e5 {[%clk 0:02:47]} 6. Bh2 {[%clk 0:02:53]}  Qe7 {[%clk 0:02:47]} 7. Nf3 {[%clk 0:02:53]}  Nf6 {[%clk 0:02:47]} 8. Be2 {[%clk 0:02:52]}  O-O {[%clk 0:02:46]} 9. O-O {[%clk 0:02:53]}  Ne4 {[%clk 0:02:43]} 10. Nfd2 {[%clk 0:02:49]}  Nxd2 {[%clk 0:02:41]} 11. Nxd2 {[%clk 0:02:48]}  f5 {[%clk 0:02:41]} 12. a4 {[%clk 0:02:47]}  f4 {[%clk 0:02:41]} 13. dxe5 {[%clk 0:02:46]}  fxe3 {[%clk 0:02:36]} 14. exd6 {[%clk 0:02:45]}  exf2+ {[%clk 0:02:15]} 15. Kh1 {[%clk 0:02:44]}  cxd6 {[%clk 0:02:12]} 16. Nc4 {[%clk 0:02:18]}  Bxh3 {[%clk 0:01:03]} 17. Qd5+ {[%clk 0:01:52]}  Be6 {[%clk 0:00:59]} 18. Qxd6 {[%clk 0:01:51]}  Qxd6 {[%clk 0:00:58]} 19. Nxd6 {[%clk 0:01:51]}  Na5 {[%clk 0:00:42]} 20. Bf3 {[%clk 0:01:41]}  Nb3 {[%clk 0:00:37]} 21. Rad1 {[%clk 0:01:38]}  Nc5 {[%clk 0:00:23]} 22. a5 {[%clk 0:01:30]}  Rad8 {[%clk 0:00:15]} 23. Rxf2 {[%clk 0:01:17]}  Nb3 {[%clk 0:00:12]} 24. Re2 {[%clk 0:01:11]}  Rf6 {[%clk 0:00:04]} 25. Rxe6 {[%clk 0:01:05]}  Rxe6 {[%clk 0:00:00]} 26. Bd5 {[%clk 0:01:05]} 1-0

[Event "April 9 Early 2024"]
[Site "Chess.com"]
[Date "2024.04.09"]
[Round "6"]
[White "Uber Gracia, Hugo"]
[Black "Schut, Han"]
[Result "0-1"]
[Board "212"]
[WhiteFideId "54720079"]
[BlackFideId "1005561"]
[WhiteTitle "CM"]
[BlackTitle "CM"]
[WhiteElo "2508"]
[BlackElo "2255"]
[WhiteTeam "ESP"]
[BlackTeam "NED"]
[WhiteClock "0:00:06"]
[BlackClock "0:00:26"]
[Variant "Standard"]

1. d4 {[%clk 0:03:00]}  Nf6 {[%clk 0:02:59]} 2. Bf4 {[%clk 0:03:00]}  d5 {[%clk 0:02:59]} 3. e3 {[%clk 0:02:56]}  e6 {[%clk 0:02:55]} 4. c3 {[%clk 0:02:55]}  Bd6 {[%clk 0:02:55]} 5. Bg3 {[%clk 0:02:54]}  b6 {[%clk 0:02:56]} 6. Nf3 {[%clk 0:02:54]}  Bb7 {[%clk 0:02:56]} 7. Bd3 {[%clk 0:02:53]}  Ne4 {[%clk 0:02:55]} 8. Bxe4 {[%clk 0:02:50]}  dxe4 {[%clk 0:02:54]} 9. Nfd2 {[%clk 0:02:51]}  O-O {[%clk 0:02:47]} 10. Nc4 {[%clk 0:02:40]}  Ba6 {[%clk 0:02:32]} 11. Nbd2 {[%clk 0:02:23]}  f5 {[%clk 0:02:29]} 12. Nxd6 {[%clk 0:01:42]}  cxd6 {[%clk 0:02:26]} 13. c4 {[%clk 0:01:42]}  d5 {[%clk 0:02:21]} 14. b3 {[%clk 0:01:36]}  Nc6 {[%clk 0:02:11]} 15. O-O {[%clk 0:01:31]}  dxc4 {[%clk 0:01:58]} 16. bxc4 {[%clk 0:01:23]}  Na5 {[%clk 0:01:58]} 17. Rc1 {[%clk 0:01:16]}  Rc8 {[%clk 0:01:57]} 18. Qa4 {[%clk 0:01:09]}  Qe8 {[%clk 0:01:57]} 19. Qb4 {[%clk 0:00:58]}  Nc6 {[%clk 0:01:48]} 20. Qa3 {[%clk 0:00:58]}  Na5 {[%clk 0:01:48]} 21. Rfe1 {[%clk 0:00:42]}  Rf7 {[%clk 0:01:31]} 22. c5 {[%clk 0:00:36]}  g5 {[%clk 0:01:22]} 23. Be5 {[%clk 0:00:30]}  Bd3 {[%clk 0:01:11]} 24. f3 {[%clk 0:00:22]}  h5 {[%clk 0:00:57]} 25. cxb6 {[%clk 0:00:19]}  axb6 {[%clk 0:00:56]} 26. Qb4 {[%clk 0:00:18]}  Nc6 {[%clk 0:00:49]} 27. Qxb6 {[%clk 0:00:17]}  Nxe5 {[%clk 0:00:49]} 28. dxe5 {[%clk 0:00:17]}  Rb8 {[%clk 0:00:41]} 29. Qd6 {[%clk 0:00:16]}  g4 {[%clk 0:00:39]} 30. f4 {[%clk 0:00:16]}  Rb2 {[%clk 0:00:34]} 31. Nc4 {[%clk 0:00:14]}  Bxc4 {[%clk 0:00:32]} 32. Rxc4 {[%clk 0:00:15]}  Rd7 {[%clk 0:00:32]} 33. Qc6 {[%clk 0:00:12]}  Qe7 {[%clk 0:00:30]} 34. Ra4 {[%clk 0:00:08]}  Rdd2 {[%clk 0:00:28]} 35. Ra8+ {[%clk 0:00:07]}  Kg7 {[%clk 0:00:27]} 36. Qc8 {[%clk 0:00:04]}  Rxg2+ {[%clk 0:00:27]} 37. Kh1 {[%clk 0:00:04]}  Rxh2+ {[%clk 0:00:27]} 38. Kg1 {[%clk 0:00:05]}  Rbg2+ {[%clk 0:00:27]} 39. Kf1 {[%clk 0:00:05]}  Rf2+ {[%clk 0:00:25]} 40. Kg1 {[%clk 0:00:06]}  Rhg2+ {[%clk 0:00:25]} 41. Kh1 {[%clk 0:00:06]}  Qh4# {[%clk 0:00:26]} 0-1

[Event "April 9 Early 2024"]
[Site "Chess.com"]
[Date "2024.04.10"]
[Round "6"]
[White "Denis Kozlov"]
[Black "Mizzi, Jack"]
[Result "0-1"]
[Board "213"]
[WhiteFideId "54104319"]
[BlackFideId "5602521"]
[WhiteTitle "FM"]
[BlackTitle "CM"]
[WhiteElo "2253"]
[BlackElo "2493"]
[WhiteTeam "RUS"]
[BlackTeam "MLT"]
[WhiteClock "0:00:00"]
[BlackClock "0:00:05"]
[Variant "Standard"]

1. d4 {[%clk 0:03:00]}  Nf6 {[%clk 0:02:59]} 2. c4 {[%clk 0:03:01]}  e6 {[%clk 0:02:59]} 3. Nf3 {[%clk 0:03:00]}  d5 {[%clk 0:03:00]} 4. g3 {[%clk 0:02:59]}  dxc4 {[%clk 0:02:59]} 5. Bg2 {[%clk 0:03:00]}  Bd7 {[%clk 0:03:00]} 6. O-O {[%clk 0:02:57]}  Bc6 {[%clk 0:02:59]} 7. Qc2 {[%clk 0:02:57]}  Nbd7 {[%clk 0:02:54]} 8. Qxc4 {[%clk 0:02:53]}  Bd5 {[%clk 0:02:53]} 9. Qc2 {[%clk 0:02:50]}  c5 {[%clk 0:02:47]} 10. dxc5 {[%clk 0:02:27]}  Bxc5 {[%clk 0:02:42]} 11. Nc3 {[%clk 0:02:28]}  Bc6 {[%clk 0:02:26]} 12. a3 {[%clk 0:02:20]}  a5 {[%clk 0:02:20]} 13. Na4 {[%clk 0:01:35]}  Be7 {[%clk 0:02:08]} 14. Be3 {[%clk 0:01:29]}  Rc8 {[%clk 0:01:58]} 15. Qb3 {[%clk 0:01:16]}  Bd5 {[%clk 0:01:50]} 16. Qd3 {[%clk 0:00:59]}  Bc4 {[%clk 0:01:40]} 17. Qd1 {[%clk 0:00:49]}  b5 {[%clk 0:01:34]} 18. Nc3 {[%clk 0:00:41]}  a4 {[%clk 0:01:32]} 19. Nd4 {[%clk 0:00:36]}  Qa5 {[%clk 0:01:05]} 20. Nc6 {[%clk 0:00:34]}  Qc7 {[%clk 0:00:59]} 21. Bf4 {[%clk 0:00:26]}  e5 {[%clk 0:00:57]} 22. Nxe7 {[%clk 0:00:20]}  Kxe7 {[%clk 0:00:54]} 23. Bd2 {[%clk 0:00:17]}  Rhd8 {[%clk 0:00:46]} 24. g4 {[%clk 0:00:14]}  h6 {[%clk 0:00:37]} 25. Ne4 {[%clk 0:00:09]}  Nxe4 {[%clk 0:00:32]} 26. Bxe4 {[%clk 0:00:10]}  Nc5 {[%clk 0:00:32]} 27. Bf5 {[%clk 0:00:07]}  Ne6 {[%clk 0:00:14]} 28. Bb4+ {[%clk 0:00:06]}  Ke8 {[%clk 0:00:14]} 29. Qe1 {[%clk 0:00:05]}  g6 {[%clk 0:00:08]} 30. Bxe6 {[%clk 0:00:04]}  Bxe6 {[%clk 0:00:09]} 31. h3 {[%clk 0:00:05]}  h5 {[%clk 0:00:08]} 32. f3 {[%clk 0:00:04]}  Qb6+ {[%clk 0:00:02]} 33. Kg2 {[%clk 0:00:03]}  hxg4 {[%clk 0:00:03]} 34. hxg4 {[%clk 0:00:04]}  Rc4 {[%clk 0:00:02]} 35. Rh1 {[%clk 0:00:03]}  Kd7 {[%clk 0:00:01]} 36. Rd1+ {[%clk 0:00:03]}  Kc8 {[%clk 0:00:02]} 37. Rxd8+ {[%clk 0:00:03]}  Qxd8 {[%clk 0:00:03]} 38. Qg3 {[%clk 0:00:03]}  Qc7 {[%clk 0:00:03]} 39. Rh8+ {[%clk 0:00:02]}  Kb7 {[%clk 0:00:03]} 40. Rh1 {[%clk 0:00:02]}  Rc2 {[%clk 0:00:03]} 41. Re1 {[%clk 0:00:03]}  Qc4 {[%clk 0:00:03]} 42. Qxe5 {[%clk 0:00:02]}  Bd5 {[%clk 0:00:04]} 43. Qe7+ {[%clk 0:00:02]}  Ka8 {[%clk 0:00:04]} 44. Kf1 {[%clk 0:00:03]}  Bxf3 {[%clk 0:00:04]} 45. Qe8+ {[%clk 0:00:02]}  Ka7 {[%clk 0:00:04]} 46. Qd7+ {[%clk 0:00:03]}  Ka8 {[%clk 0:00:04]} 47. Qd8+ {[%clk 0:00:03]}  Kb7 {[%clk 0:00:03]} 48. Qe7+ {[%clk 0:00:03]}  Ka8 {[%clk 0:00:03]} 49. Qd8+ {[%clk 0:00:03]}  Ka7 {[%clk 0:00:04]} 50. Qd7+ {[%clk 0:00:03]}  Kb6 {[%clk 0:00:04]} 51. Qd6+ {[%clk 0:00:02]}  Bc6 {[%clk 0:00:04]} 52. Qb8+ {[%clk 0:00:02]}  Ka6 {[%clk 0:00:04]} 53. Qc8+ {[%clk 0:00:00]}  Bb7 {[%clk 0:00:05]} 54. Qxc4 {[%clk 0:00:01]}  Rxc4 {[%clk 0:00:06]} 55. Kf2 {[%clk 0:00:01]}  Rxg4 {[%clk 0:00:06]} 56. Rh1 {[%clk 0:00:00]}  Bxh1 {[%clk 0:00:05]} 0-1

[Event "April 9 Early 2024"]
[Site "Chess.com"]
[Date "2024.04.09"]
[Round "6"]
[White "Misailovic, Nebojsa"]
[Black "Ghosh, Chanchal Kumer"]
[Result "0-1"]
[Board "214"]
[WhiteFideId "903175"]
[BlackFideId "10201858"]
[WhiteTitle "IM"]
[BlackTitle "CM"]
[WhiteElo "2488"]
[BlackElo "2249"]
[WhiteTeam "SRB"]
[BlackTeam "BAN"]
[WhiteClock "0:00:28"]
[BlackClock "0:00:08"]
[Variant "Standard"]

1. d4 {[%clk 0:03:00]}  d5 {[%clk 0:02:59]} 2. c4 {[%clk 0:03:00]}  e6 {[%clk 0:03:00]} 3. Nf3 {[%clk 0:03:01]}  Nf6 {[%clk 0:03:00]} 4. Nc3 {[%clk 0:03:01]}  c6 {[%clk 0:03:00]} 5. Bg5 {[%clk 0:03:02]}  Bd6 {[%clk 0:03:00]} 6. e3 {[%clk 0:03:00]}  Nbd7 {[%clk 0:03:00]} 7. Bd3 {[%clk 0:03:00]}  h6 {[%clk 0:03:00]} 8. Bh4 {[%clk 0:03:00]}  O-O {[%clk 0:03:00]} 9. O-O {[%clk 0:03:00]}  Re8 {[%clk 0:03:00]} 10. e4 {[%clk 0:03:00]}  dxe4 {[%clk 0:02:59]} 11. Nxe4 {[%clk 0:03:01]}  Be7 {[%clk 0:02:58]} 12. Bg3 {[%clk 0:02:57]}  Nxe4 {[%clk 0:02:51]} 13. Bxe4 {[%clk 0:02:56]}  Nf6 {[%clk 0:02:51]} 14. Bc2 {[%clk 0:02:56]}  c5 {[%clk 0:02:34]} 15. Be5 {[%clk 0:02:38]}  cxd4 {[%clk 0:02:31]} 16. Bxd4 {[%clk 0:02:35]}  Bd7 {[%clk 0:02:22]} 17. Ne5 {[%clk 0:02:33]}  Qc7 {[%clk 0:02:09]} 18. Nxd7 {[%clk 0:02:20]}  Qxd7 {[%clk 0:02:08]} 19. Bc3 {[%clk 0:02:08]}  Qxd1 {[%clk 0:02:06]} 20. Raxd1 {[%clk 0:02:09]}  Red8 {[%clk 0:02:05]} 21. b4 {[%clk 0:02:05]}  b6 {[%clk 0:01:58]} 22. f3 {[%clk 0:02:04]}  Rac8 {[%clk 0:01:57]} 23. Bb3 {[%clk 0:02:03]}  Nh5 {[%clk 0:01:53]} 24. g3 {[%clk 0:02:00]}  Bf6 {[%clk 0:01:41]} 25. Bxf6 {[%clk 0:01:57]}  Nxf6 {[%clk 0:01:41]} 26. Kf2 {[%clk 0:01:57]}  Kf8 {[%clk 0:01:38]} 27. Ke3 {[%clk 0:01:57]}  Ke7 {[%clk 0:01:38]} 28. a4 {[%clk 0:01:50]}  Ne8 {[%clk 0:01:28]} 29. Rc1 {[%clk 0:01:45]}  Nd6 {[%clk 0:01:23]} 30. g4 {[%clk 0:01:43]}  Rc7 {[%clk 0:01:21]} 31. Rc3 {[%clk 0:01:42]}  Rdc8 {[%clk 0:01:20]} 32. Rfc1 {[%clk 0:01:42]}  f6 {[%clk 0:01:09]} 33. h3 {[%clk 0:01:43]}  Nf7 {[%clk 0:01:09]} 34. f4 {[%clk 0:01:41]}  g5 {[%clk 0:01:07]} 35. fxg5 {[%clk 0:01:15]}  hxg5 {[%clk 0:01:03]} 36. c5 {[%clk 0:01:16]}  bxc5 {[%clk 0:00:58]} 37. bxc5 {[%clk 0:01:16]}  Ne5 {[%clk 0:00:54]} 38. Ke4 {[%clk 0:01:01]}  Nd7 {[%clk 0:00:46]} 39. Kd4 {[%clk 0:00:55]}  Ne5 {[%clk 0:00:38]} 40. Ke4 {[%clk 0:00:52]}  Ng6 {[%clk 0:00:38]} 41. a5 {[%clk 0:00:49]}  Ne5 {[%clk 0:00:31]} 42. Ba4 {[%clk 0:00:45]}  Nc6 {[%clk 0:00:18]} 43. a6 {[%clk 0:00:42]}  Nb4 {[%clk 0:00:17]} 44. c6 {[%clk 0:00:34]}  Na2 {[%clk 0:00:14]} 45. Bb5 {[%clk 0:00:31]}  Nxc1 {[%clk 0:00:13]} 46. Rxc1 {[%clk 0:00:32]}  Kd6 {[%clk 0:00:13]} 47. Kd4 {[%clk 0:00:31]}  e5+ {[%clk 0:00:13]} 48. Ke4 {[%clk 0:00:30]}  Rxc6 {[%clk 0:00:10]} 49. Bxc6 {[%clk 0:00:30]}  Rxc6 {[%clk 0:00:11]} 50. Rd1+ {[%clk 0:00:29]}  Ke7 {[%clk 0:00:11]} 51. Ra1 {[%clk 0:00:29]}  Rc3 {[%clk 0:00:10]} 52. Kd5 {[%clk 0:00:28]}  Rxh3 {[%clk 0:00:09]} 53. Kc6 {[%clk 0:00:28]}  Rd3 {[%clk 0:00:08]} 54. Kb7 {[%clk 0:00:29]}  Rd7+ {[%clk 0:00:08]} 55. Kb8 {[%clk 0:00:29]}  Ke6 {[%clk 0:00:08]} 56. Rc1 {[%clk 0:00:28]}  e4 {[%clk 0:00:08]} 57. Rc4 {[%clk 0:00:26]}  Ke5 {[%clk 0:00:08]} 58. Rc8 {[%clk 0:00:26]}  Kf4 {[%clk 0:00:07]} 59. Re8 {[%clk 0:00:27]}  e3 {[%clk 0:00:06]} 60. Kc8 {[%clk 0:00:27]}  Rg7 {[%clk 0:00:06]} 61. Kb8 {[%clk 0:00:27]}  Kxg4 {[%clk 0:00:06]} 62. Rxe3 {[%clk 0:00:27]}  f5 {[%clk 0:00:06]} 63. Rc3 {[%clk 0:00:26]}  f4 {[%clk 0:00:06]} 64. Rc7 {[%clk 0:00:27]}  Rxc7 {[%clk 0:00:05]} 65. Kxc7 {[%clk 0:00:27]}  f3 {[%clk 0:00:06]} 66. Kb7 {[%clk 0:00:28]}  f2 {[%clk 0:00:07]} 67. Kxa7 {[%clk 0:00:29]}  f1=Q {[%clk 0:00:08]} 68. Kb8 {[%clk 0:00:28]}  Qxa6 {[%clk 0:00:08]} 0-1

[Event "April 9 Early 2024"]
[Site "Chess.com"]
[Date "2024.04.09"]
[Round "6"]
[White "Ljukin, Sergei"]
[Black "Yushko, Olga"]
[Result "1-0"]
[Board "217"]
[WhiteFideId "14102200"]
[BlackFideId "14114500"]
[WhiteTitle "FM"]
[BlackTitle "WFM"]
[WhiteElo "2369"]
[BlackElo "2236"]
[WhiteTeam "UKR"]
[BlackTeam "UKR"]
[WhiteClock "0:00:22"]
[BlackClock "0:00:39"]
[Variant "Standard"]

1. e4 {[%clk 0:03:00]}  Nf6 {[%clk 0:02:58]} 2. e5 {[%clk 0:03:00]}  Nd5 {[%clk 0:02:58]} 3. c4 {[%clk 0:03:01]}  Nb6 {[%clk 0:02:58]} 4. d4 {[%clk 0:03:00]}  d6 {[%clk 0:02:58]} 5. f4 {[%clk 0:03:00]}  dxe5 {[%clk 0:02:51]} 6. fxe5 {[%clk 0:03:01]}  Bf5 {[%clk 0:02:51]} 7. Nc3 {[%clk 0:03:00]}  e6 {[%clk 0:02:51]} 8. Nf3 {[%clk 0:02:59]}  Bb4 {[%clk 0:02:50]} 9. Be2 {[%clk 0:02:52]}  c5 {[%clk 0:02:34]} 10. a3 {[%clk 0:02:36]}  cxd4 {[%clk 0:02:25]} 11. axb4 {[%clk 0:02:35]}  dxc3 {[%clk 0:02:25]} 12. Qxd8+ {[%clk 0:02:35]}  Kxd8 {[%clk 0:02:26]} 13. bxc3 {[%clk 0:02:35]}  N8d7 {[%clk 0:02:15]} 14. Bd2 {[%clk 0:02:22]}  Ke7 {[%clk 0:02:07]} 15. c5 {[%clk 0:02:19]}  Nd5 {[%clk 0:01:58]} 16. c4 {[%clk 0:02:19]}  Nc7 {[%clk 0:01:57]} 17. O-O {[%clk 0:02:18]}  Rhd8 {[%clk 0:01:56]} 18. Bc3 {[%clk 0:02:13]}  a5 {[%clk 0:01:51]} 19. Nd4 {[%clk 0:02:08]}  axb4 {[%clk 0:01:47]} 20. Bxb4 {[%clk 0:02:08]}  Rxa1 {[%clk 0:01:43]} 21. Rxa1 {[%clk 0:02:07]}  Nxe5 {[%clk 0:01:25]} 22. Nxf5+ {[%clk 0:02:00]}  exf5 {[%clk 0:01:23]} 23. c6+ {[%clk 0:01:58]}  Ke6 {[%clk 0:01:20]} 24. cxb7 {[%clk 0:01:57]}  Rb8 {[%clk 0:01:19]} 25. Rd1 {[%clk 0:01:16]}  Ne8 {[%clk 0:01:04]} 26. Bc5 {[%clk 0:00:43]}  Rxb7 {[%clk 0:01:03]} 27. Rd8 {[%clk 0:00:42]}  Nf6 {[%clk 0:00:56]} 28. Rd6+ {[%clk 0:00:42]}  Ke7 {[%clk 0:00:53]} 29. Rb6+ {[%clk 0:00:41]}  Kd7 {[%clk 0:00:53]} 30. Rxb7+ {[%clk 0:00:42]}  Kc6 {[%clk 0:00:54]} 31. Rb5 {[%clk 0:00:30]}  Ne4 {[%clk 0:00:49]} 32. Bd4 {[%clk 0:00:24]}  Nd7 {[%clk 0:00:46]} 33. Rxf5 {[%clk 0:00:23]}  f6 {[%clk 0:00:39]} 34. Bf3 {[%clk 0:00:22]} 1-0

[Event "April 9 Early 2024"]
[Site "Chess.com"]
[Date "2024.04.09"]
[Round "6"]
[White "Kiseljova, Marya"]
[Black "Topalov, Aleksandar"]
[Result "1-0"]
[Board "218"]
[WhiteFideId "4155009"]
[BlackFideId "925659"]
[WhiteTitle "WFM"]
[BlackTitle "CM"]
[WhiteElo "2234"]
[BlackElo "2348"]
[WhiteTeam "RUS"]
[BlackTeam "SRB"]
[WhiteClock "0:00:22"]
[BlackClock "0:00:00"]
[Variant "Standard"]

1. d4 {[%clk 0:02:49]}  e6 {[%clk 0:02:58]} 2. c4 {[%clk 0:02:49]}  f5 {[%clk 0:02:58]} 3. Nf3 {[%clk 0:02:49]}  Nf6 {[%clk 0:02:58]} 4. g3 {[%clk 0:02:49]}  Be7 {[%clk 0:02:58]} 5. Bg2 {[%clk 0:02:49]}  O-O {[%clk 0:02:58]} 6. O-O {[%clk 0:02:50]}  d6 {[%clk 0:02:58]} 7. Nc3 {[%clk 0:02:50]}  Ne4 {[%clk 0:02:58]} 8. Nd2 {[%clk 0:02:47]}  Nxc3 {[%clk 0:02:56]} 9. bxc3 {[%clk 0:02:48]}  c5 {[%clk 0:02:50]} 10. Rb1 {[%clk 0:02:40]}  Nc6 {[%clk 0:02:41]} 11. Nb3 {[%clk 0:02:36]}  Qc7 {[%clk 0:02:30]} 12. e4 {[%clk 0:02:35]}  e5 {[%clk 0:02:14]} 13. Be3 {[%clk 0:02:29]}  f4 {[%clk 0:02:04]} 14. gxf4 {[%clk 0:02:25]}  exf4 {[%clk 0:02:03]} 15. Bd2 {[%clk 0:02:25]}  Bf6 {[%clk 0:01:56]} 16. dxc5 {[%clk 0:02:18]}  dxc5 {[%clk 0:01:56]} 17. Nxc5 {[%clk 0:02:18]}  Ne5 {[%clk 0:01:53]} 18. Nb3 {[%clk 0:01:53]}  f3 {[%clk 0:01:38]} 19. Bxf3 {[%clk 0:01:40]}  Nxf3+ {[%clk 0:01:36]} 20. Qxf3 {[%clk 0:01:41]}  Be5 {[%clk 0:01:36]} 21. Qg2 {[%clk 0:01:38]}  Rf6 {[%clk 0:01:33]} 22. Kh1 {[%clk 0:01:21]}  Rg6 {[%clk 0:01:33]} 23. Qf3 {[%clk 0:01:16]}  Bg4 {[%clk 0:01:32]} 24. Qd3 {[%clk 0:01:13]}  Rf8 {[%clk 0:01:16]} 25. f4 {[%clk 0:00:49]}  Bxf4 {[%clk 0:00:46]} 26. Bxf4 {[%clk 0:00:50]}  Rxf4 {[%clk 0:00:46]} 27. Nd4 {[%clk 0:00:50]}  Rxf1+ {[%clk 0:00:37]} 28. Rxf1 {[%clk 0:00:50]}  Rh6 {[%clk 0:00:29]} 29. Qd2 {[%clk 0:00:50]}  Qxc4 {[%clk 0:00:22]} 30. Ne2 {[%clk 0:00:36]}  Qxe4+ {[%clk 0:00:20]} 31. Kg1 {[%clk 0:00:35]}  Qe7 {[%clk 0:00:11]} 32. Ng3 {[%clk 0:00:27]}  Rd6 {[%clk 0:00:09]} 33. Qf4 {[%clk 0:00:26]}  Rf6 {[%clk 0:00:06]} 34. Qb8+ {[%clk 0:00:26]}  Rf8 {[%clk 0:00:05]} 35. Rxf8+ {[%clk 0:00:23]}  Qxf8 {[%clk 0:00:05]} 36. Qxb7 {[%clk 0:00:23]}  Qc5+ {[%clk 0:00:05]} 37. Kg2 {[%clk 0:00:23]}  h6 {[%clk 0:00:05]} 38. Qb8+ {[%clk 0:00:22]}  Kh7 {[%clk 0:00:00]} 39. Qf4 {[%clk 0:00:22]} 1-0